[Event "Sardegna Region-ch"]
[Site "Sardara"]
[Date "2010.04.24"]
[Round "6"]
[White "Loriga, Pierpaolo"]
[Black "Toniolo, Massimo"]
[Result "1/2-1/2"]
[WhiteElo "1964"]
[BlackElo "1757"]
[PlyCount "34"]
[EventDate "2010.04.17"]
[EventType "swiss"]
[EventRounds "8"]
[EventCountry "ITA"]
[SourceTitle "EXT 2024"]
[Source "ChessBase"]
[SourceDate "2023.10.10"]
[SourceVersion "1"]
[SourceVersionDate "2023.10.10"]
[SourceQuality "1"]

1. d4 Nf6 2. Nf3 g6 3. g3 Bg7 4. Bg2 d5 5. 0-0 0-0 6. c3 Nbd7 7. Nbd2 c5 8. b3 cxd4 9. cxd4 e6 10. Qc2 b5 11. Ba3 Re8 12. Bd6 Bb7 13. Rfc1 Rc8 14. Qd3 Qb6 15. Be5 Nxe5 16. Nxe5 b4 17. Qe3 Rc7 1/2-1/2